Normal view MARC view

Entry Nombre personal

Number of records used in: 1

001 - NÚMERO DE CONTROL

  • campo de control: 155211

003 - IDENTIFICADOR DE NÚMERO DE CONTROL

  • campo de control: SpMaBN

005 - FECHA Y HORA DE LA ÚLTIMA TRANSACCIÓN

  • campo de control: 20250813083831.0

008 - ELEMENTOS DE DATO DE LONGITUD-FIJA

  • campo de control de longitud fija: 881202nn ainnnaabn a aaa

016 ## - NÚMERO DE CONTROL DE UNA AGENCIA BIBLIOGRÁFICA NACIONAL

  • Número de control del registro: BNE19940760665

024 7# - IDENTIFICADOR DE OTROS ESTÁNDARES

  • Número estándar o código: http://viaf.org/viaf/86864769/
  • Fuente: viaf

040 ## - FUENTE DE CATALOGACIÓN

  • Centro catalogador/agencia de origen: SpMaBN
  • Lengua de catalogación: spa
  • Centro/agencia transcriptor: SpMaBN
  • Normas de descripción: rdc
  • Convención/Normas de encabezamiento de materia/tesauro: embne

100 0# - ENCABEZAMIENTO-NOMBRE DE PERSONA

  • Nombre de persona: Pedro Mártir,
  • Títulos y otros términos asociados al nombre: Santo

400 0# - TRAZADO DE VÉASE--NOMBRE DE PERSONA

  • Nombre de persona: Pedro de Verona,
  • Títulos y otros términos asociados al nombre: Santo

670 ## - FUENTE DE DATOS ENCONTRADOS

  • Cita de la fuente: Réau, Louis. Iconografía del arte cristiano, 1998
  • Información encontrada: vol. 5, p. 69 (Pedro, mártir de Verona; inquisidor dominico del siglo XIII, llamado ya san Pedro de Verona; ya san Pedro el Nuevo)

670 ## - FUENTE DE DATOS ENCONTRADOS

  • Cita de la fuente: Straten, Roelof van. Italian prints
  • Información encontrada: vol. 2, p. 45 (Peter Martyr)